MiFID je dobrý, vzdelávanie klientov je určite lepšie európska smernica zvýšila poplatky obchodníkov a podvodníci ju vedia obísť
Zavedenie smernice o trhoch finančných nástrojov MiFID (Markets in Financial Instruments Directive) a činnosť obchodníkov. Využívanie služieb obchodníkov s cennými papiermi. Príspevky obchodníkov pre NBS za dohľad. Pripravovaný zákon o ochrane spotrebiteľa na finančnom trhu. Nekalé praktiky s klient...
Salvato in:
| Autore principale: | |
|---|---|
| Natura: | Capitolo di libro |
| Lingua: | slovacco |
| Soggetti: | |
| Tags: |
Nessun Tag, puoi essere il primo ad aggiungerne!!
|
MARC
| LEADER | 00000naa$a2200000$$$4500 | ||
|---|---|---|---|
| 001 | 0104638 | ||
| 005 | 20240502072139.9 | ||
| 041 | 0 | |a slo | |
| 044 | |a SK | ||
| 245 | 1 | 0 | |a MiFID je dobrý, vzdelávanie klientov je určite lepšie |b európska smernica zvýšila poplatky obchodníkov a podvodníci ju vedia obísť |c Pavel Škriniar |
| 520 | |a Zavedenie smernice o trhoch finančných nástrojov MiFID (Markets in Financial Instruments Directive) a činnosť obchodníkov. Využívanie služieb obchodníkov s cennými papiermi. Príspevky obchodníkov pre NBS za dohľad. Pripravovaný zákon o ochrane spotrebiteľa na finančnom trhu. Nekalé praktiky s klientmi a kontrola členov asociácie. | ||
| 610 | 2 | 0 | |a papiere cenné |
| 610 | 2 | 0 | |a obchodníci |
| 610 | 2 | 0 | |a trh finančný |
| 610 | 2 | 0 | |a trh kapitálový |
| 610 | 2 | 0 | |a asociácie |
| 610 | 2 | 0 | |a smernice |
| 610 | 2 | 0 | |a banky centrálne |
| 100 | 1 | |a Škriniar, Pavel, 1979- | |